=LDR 00000nam 2200000 4500 =001 INLIS000000000018087 =005 20200326074422 =035 ##$$a 0010-061300000018087 =008 200326################g##########0#ind## =041 ##$$a Ind =082 ##$$a 2x3.13 =090 ##$$a 2x3.13, Jau h =100 ##$$a Jauzi, Ibnul =245 1#$$a Hubungan Tuhan dengan hamba, /$c Ibnul Jauzi ; penerjemah, Wawan Junaedi Soffandi =260 ##$$a Jakarta :$b Buku Islam Rahmatan,$c 2001 =300 ##$$a 209 hlm, ; $c 15 x 24 cm =650 #4$$a Hubungan hamba dengan Allah =850 ##$$a NBPNMAT =084 ##$$a 2x3.13 JAU h =250 ##$$a cet.1 =990 ##$$a 20603672 =990 ##$$a 20603673 =990 ##$$a 20603674 =990 ##$$a 20603675